Minecraft - Couleurs De laine - Statistiques

Statistiques générales
  • Ce quiz a été pris 331 fois
  • Le résultat moyen est 13 sur 16
Statistiques - réponses
Couleurs % Correct
Bleue
100%
Blanche
99%
Noire
99%
Rouge
98%
Rose
97%
Verte
96%
Jaune
94%
Violette
94%
Orange
93%
Grise
88%
Marron
84%
Cyan
68%
Vert clair
61%
Magenta
59%
Bleu clair
58%
Gris clair
49%
Aucun quiz correspondant
Distribution des résultats
% des personnes avec chaque résultat
Percentile par nombre de réponses
Votre historique - résultats
Vous n’avez pas pris ce quiz